State by Single Letter Quiz Stats

Quiz Updated Jan 23, 2013

Challenge
Share
Tweet
Embed
Score 0/20 Timer 04:00
4 Plays Today
% Correct
ALASKA
94.9%
INDIANA
81.3%
ARKANSAS
75.3%
OKLAHOMA
54.5%
NEW YORK
51.1%
NEVADA
49.1%
HAWAII
47%
OREGON
46.7%
WYOMING
44.6%
MARYLAND
44.4%
% Correct
GEORGIA
44.1%
NEBRASKA
39.9%
ARIZONA
38.4%
FLORIDA
36%
KANSAS
33.1%
MONTANA
30.1%
COLORADO
29.9%
MICHIGAN
25.3%
VIRGINIA
24.5%
KENTUCKY
24.4%

You're not logged in!

Compare scores with friends on all Sporcle quizzes.
Join for Free
OR
Log In

You Might Also Like...

Show Comments

Extras

Top Quizzes Today


Score Distribution

Your Account Isn't Verified!

In order to create a playlist on Sporcle, you need to verify the email address you used during registration. Go to your Sporcle Settings to finish the process.

Report this User

Report this user for behavior that violates our Community Guidelines.

Details: